000 00559nam a2200205Ia 4500
005 20250508163853.0
008 008 250505s9999 xx 000 0 eng d
020 _a019-565-5540
037 _aTextual
040 _aFEDL
_beng
_cFEDL
041 _aeng
_2eng
084 _a301, BET
_qFEDL
100 _aBeteille Andre
245 0 _aSociology: Essays on approach and method
260 _aNew Delhi, India
_bOxford University Press
_c2002
300 _a286p
650 _aSociology
942 _cTEXL
_h301, BET
999 _c1385710
_d1385710